<?xml version="1.0" encoding="UTF-8"?>
<record
    xmlns:xsi="http://www.w3.org/2001/XMLSchema-instance"
    xsi:schemaLocation="http://www.loc.gov/MARC21/slim http://www.loc.gov/standards/marcxml/schema/MARC21slim.xsd"
    xmlns="http://www.loc.gov/MARC21/slim">

  <leader>01157nam a2200229 a 4500</leader>
  <controlfield tag="001">BRCA_6395</controlfield>
  <controlfield tag="005">20190320205434.0</controlfield>
  <controlfield tag="008">030911s1903----au-#######---#000-0#ger-#</controlfield>
  <datafield tag="050" ind1=" " ind2="4">
    <subfield code="a">F1233</subfield>
    <subfield code="b">.S34 1903</subfield>
  </datafield>
  <datafield tag="100" ind1="1" ind2=" ">
    <subfield code="a">Ritter von Tavera, Ernst Schmit</subfield>
    <subfield code="9">15994</subfield>
  </datafield>
  <datafield tag="245" ind1="1" ind2="0">
    <subfield code="a">Geschichte der Regierung des Kaisers Maximilian I. und die Franz&#xF6;sische Intervention in Mexiko, 1861-1867</subfield>
    <subfield code="c">von Ernst Schmit Ritter von Tavera.</subfield>
  </datafield>
  <datafield tag="260" ind1=" " ind2=" ">
    <subfield code="a">Viena</subfield>
    <subfield code="b">Wilhelm Braum&#xFC;ller</subfield>
    <subfield code="c">1903</subfield>
  </datafield>
  <datafield tag="300" ind1=" " ind2=" ">
    <subfield code="a">2 v.</subfield>
    <subfield code="b">il. 1 mapa plegable a color en v.1</subfield>
    <subfield code="c">25 cm.</subfield>
  </datafield>
  <datafield tag="500" ind1=" " ind2=" ">
    <subfield code="a">La biblioteca cuenta con 2 ejemplares de cada volumen</subfield>
  </datafield>
  <datafield tag="500" ind1=" " ind2=" ">
    <subfield code="a">Estado f&#xED;sico: v.1-ej.1. (sin lomo y cubierta posterior), v.1-ej.2 (sin cubierta anterior). v.2-ej.1 (le falta la mitad del lomo), v.2-ej.2 (sin lomo y cubierta anterior). En general los 4 ejemplares presentan encuadernaci&#xF3;n muy deteriorada.</subfield>
  </datafield>
  <datafield tag="500" ind1=" " ind2=" ">
    <subfield code="a">Incluye lista de literatura del imperialismo en M&#xE9;xico e &#xED;ndice alfab&#xE9;tico (v.2)</subfield>
  </datafield>
  <datafield tag="500" ind1=" " ind2=" ">
    <subfield code="a">CDE3</subfield>
  </datafield>
  <datafield tag="600" ind1="1" ind2="4">
    <subfield code="a">Maximiliano</subfield>
    <subfield code="c">Emperador de M&#xE9;xico</subfield>
    <subfield code="d">1861-1867</subfield>
    <subfield code="9">15995</subfield>
  </datafield>
  <datafield tag="651" ind1=" " ind2="4">
    <subfield code="a">M&#xE9;xico</subfield>
    <subfield code="x">Intervenci&#xF3;n Europea</subfield>
    <subfield code="y">1861-1867 - Historia</subfield>
    <subfield code="9">15996</subfield>
  </datafield>
  <datafield tag="902" ind1=" " ind2=" ">
    <subfield code="a">GFM</subfield>
  </datafield>
  <datafield tag="942" ind1=" " ind2=" ">
    <subfield code="2">lcc</subfield>
    <subfield code="c">B</subfield>
  </datafield>
  <datafield tag="999" ind1=" " ind2=" ">
    <subfield code="c">6080</subfield>
    <subfield code="d">6080</subfield>
  </datafield>
  <datafield tag="952" ind1=" " ind2=" ">
    <subfield code="0">0</subfield>
    <subfield code="1">0</subfield>
    <subfield code="4">0</subfield>
    <subfield code="7">0</subfield>
    <subfield code="a">BRCA</subfield>
    <subfield code="b">BRCA</subfield>
    <subfield code="d">2011-09-03</subfield>
    <subfield code="i">CDE3</subfield>
    <subfield code="l">0</subfield>
    <subfield code="o">F1233 .S34 1903 (CDE3)</subfield>
    <subfield code="p">6842</subfield>
    <subfield code="r">2019-03-22 00:00:00</subfield>
    <subfield code="w">2019-03-22</subfield>
    <subfield code="y">B</subfield>
  </datafield>
</record>
